Catálogo
 En Linea

Conceptos fundamentales de la psicoterapia. / (Registro nro. 34679)

Detalles MARC
000 -CABECERA
campo de control de longitud fija 00620nam a2200193 a 4500
001 - NÚMERO DE CONTROL
campo de control 000035188
005 - FECHA Y HORA DE LA ÚLTIMA TRANSACCIÓN
campo de control 20200930074150.0
008 - DATOS DE LONGITUD FIJA--INFORMACIÓN GENERAL
campo de control de longitud fija 111025s1975 mx 000 0 spa d
040 ## - FUENTE DE LA CATALOGACIÓN
Centro catalogador/agencia de origen DO-SdBNP
Lengua de catalogación spa
Centro/agencia transcriptor BNPHU
082 ## - NÚMERO DE LA CLASIFICACIÓN DECIMAL DEWEY
Número de clasificación xxxx
Número de documento/Ítem S617c
049 ## - FONDOS LOCALES (OCLC)
Fondos de biblioteca BNGR
100 1# - ENTRADA PRINCIPAL--NOMBRE DE PERSONA
Nombre de persona Singer, Erwin
9 (RLIN) 60920
240 10 - TÍTULO UNIFORME
Título uniforme Key concepts in psychotherapy
Lenguaje de la obra Español
245 10 - MENCIÓN DE TÍTULO
Título Conceptos fundamentales de la psicoterapia. /
Mención de responsabilidad, etc. Erwin Singer ; Manuel de Escalera.
260 ## - PUBLICACIÓN, DISTRIBUCIÓN, ETC.
Lugar de publicación, distribución, etc. México :
Nombre del editor, distribuidor, etc. Fondo de Cultura Económica,
Fecha de publicación, distribución, etc. 1975.
300 ## - DESCRIPCIÓN FÍSICA
Extensión 354 p ;
Dimensiones 21 cm.
500 ## - NOTA GENERAL
Nota general Trducido del inglés
700 1# - PUNTO DE ACCESO ADICIONAL--NOMBRE DE PERSONA
Nombre de persona Escalera, Manuel de la,
Término indicativo de función/relación tr.
9 (RLIN) 48955
Existencias
Estado de retiro Estado de pérdida Restricciones de uso No para préstamo Código de colección Localización permanente Ubicación/localización actual Ubicación en estantería Fecha de adquisición Número de inventario Total de préstamos Signatura topográfica completa Código de barras Fecha visto por última vez Precio válido a partir de Tipo de ítem Koha Nota pública
      Excluido de préstamo Monografías: Libros y Folletos General General En catalogación 25.10.2011 LF1   xxxx S617c 35188-10 25.06.2020 25.06.2020 No se presta Perteneció a la biblioteca personal de Juan Isidro Jimenes -Grullón

Con tecnología Koha